Daňová džungľa, daňové triky, daňová lobby a nemecko-slovenské paralely

Náčrt niektorých paralel a poznatkov využiteľných zo skúseností nemeckých finančných úradníkov v oblasti daňovej legislatívy. Daňoví úradníci a daňovníci. Zložitosť daňovej legislatívy v SRN. Úvahy o postavení daňových orgánov a daňových subjektov na Slovensku.

Gespeichert in:
Bibliographische Detailangaben
1. Verfasser: Burák, Emil
Format: Buchkapitel
Sprache:Slowakisch
Schlagworte:
Tags: Tag hinzufügen
Keine Tags, Fügen Sie das erste Tag hinzu!

MARC

LEADER 00000naa a2200000 4500
001 r034633
005 20230926080834.1
041 0 |a slo 
044 |a SK 
245 1 0 |a Daňová džungľa, daňové triky, daňová lobby a nemecko-slovenské paralely  |c Emil Burák 
520 |a Náčrt niektorých paralel a poznatkov využiteľných zo skúseností nemeckých finančných úradníkov v oblasti daňovej legislatívy. Daňoví úradníci a daňovníci. Zložitosť daňovej legislatívy v SRN. Úvahy o postavení daňových orgánov a daňových subjektov na Slovensku. 
610 2 0 |a úrady daňové 
610 2 0 |a úrady finančné 
610 2 0 |a dane 
610 2 0 |a lobizmus 
610 2 0 |a poradenstvo 
610 2 0 |a daňovníci 
610 2 0 |a poradcovia daňoví 
610 2 0 |a Nemecko 
610 2 0 |a Slovensko 
610 2 0 |a legislatíva 
100 1 |a Burák, Emil